000
00332nam a2200145Ia 4500
005
20251222144635.0
008
251222s9999||||xx |||||||||||||| ||spa||
020
_a
84-339-1042-6
082
_a
868.6/S66
100
_a
Soler, Antonio
245
0
_a
Las Bailarinas Muertas
250
_a
2a. ed.
264
_b
Anagrama
942
_c
LIB
999
_c
16466
_d
16466